| Tag |
First Indicator |
Second Indicator |
Subfields |
| LEADER |
00000cam a2200000 4500 |
| 001 |
in00000246791 |
| 005 |
20151010051146.0 |
| 008 |
720215s1970 ag 00110 eng d |
| 010 |
|
|
|a 71273675
|
| 035 |
|
|
|a (OCoLC)00251389
|
| 035 |
|
|
|9 ABB4517AM
|
| 040 |
|
|
|a DLC
|c DLC
|d TXA
|d UtOrBLW
|
| 049 |
|
|
|a TXAM
|c [955269]
|
| 050 |
0 |
0 |
|a S540.A2
|b P36
|
| 082 |
0 |
|
|a 630/.72
|
| 100 |
1 |
|
|a Papadakis, Juan.
|
| 245 |
1 |
0 |
|a Agricultural research, principles, methodology, suggestions /
|c by J. Papadakis.
|
| 264 |
|
1 |
|a Buenos Aires :
|b [Libro de Edicion Argentina],
|c 1970.
|
| 300 |
|
|
|a iv, 88 pages ;
|c 25 cm.
|
| 336 |
|
|
|a text
|b txt
|2 rdacontent
|
| 337 |
|
|
|a unmediated
|b n
|2 rdamedia
|
| 338 |
|
|
|a volume
|b nc
|2 rdacarrier
|
| 650 |
|
0 |
|a Agriculture
|x Research.
|
| 999 |
|
|
|a MARS
|
| 999 |
f |
f |
|s b343e333-e0f4-3a70-acbc-e9973205155c
|i 3c0492fe-9f4d-3d46-ab7b-a08a42e7cf68
|t 0
|
| 952 |
f |
f |
|p ric
|a Texas A&M University
|b Rellis Campus
|c Joint Library Facility
|d Remote Storage
|t 0
|e S540.A2 P36
|h Library of Congress classification
|i unmediated -- volume
|m A14805179128
|
| 998 |
f |
f |
|a S540.A2 P36
|t 0
|l Remote Storage
|